Tilastot visalle Naapurimaitaan väkirikkaammat valtiot

Klikkaa tästä pelataksesi tätä visaa!

Yleistilastot

  • Tätä visaa on pelattu 382 kertaa
  • Keskiarvotulos 12 / 17

Vastaustilastot

ValtioNaapurimaat% Oikein
KiinaAfganistan, Bhutan, Intia, Kazakstan, Kirgisia, Laos, Mongolia, Myanmar, Nepal, Pakistan, Pohjois-Korea, Tadžikistan, Venäjä, Vietnam
98%
YhdysvallatKanada, Meksiko
95%
BrasiliaArgentiina, Bolivia, Guyana, Kolumbia, Paraguay, Peru, Ranska, Suriname, Uruguay, Venezuela
91%
SaksaAlankomaat, Belgia, Itävalta, Luxemburg, Puola, Ranska, Sveitsi, Tanska, Tšekki
89%
RuotsiNorja, Suomi
77%
Yhdistynyt kuningaskuntaIrlanti
77%
IndonesiaItä-Timor, Malesia, Papua-Uusi-Guinea
75%
Etelä-AfrikkaBotswana, Eswatini, Lesotho, Mosambik, Namibia, Zimbabwe
74%
Kongon dem. tasavaltaAngola, Burundi, Etelä-Sudan, Keski-Afrikan tasavalta, Kongon tasavalta, Ruanda, Sambia, Tansania, Uganda
74%
EgyptiIsrael, Libya, Sudan
72%
NigeriaBenin, Kamerun, Niger, Tšad
72%
Etelä-KoreaPohjois-Korea
67%
EtiopiaDjibouti, Eritrea, Etelä-Sudan, Kenia, Somalia, Sudan
61%
AlgeriaLibya, Mali, Marokko, Mauritania, Niger, Tunisia
55%
HaitiDominikaaninen tasavalta
54%
ThaimaaKambodža, Laos, Malesia, Myanmar
53%
GhanaBurkina Faso, Norsunluurannikko, Togo
28%

Tulosjakauma

Persentiili vastausten määrän mukaan

Jokaisen tuloksen saaneiden osuus

Tuloshistoriasi

Et ole pelannut tätä visaa